000 01090nac a22002531u 4500
010 _a 013527751
020 _a0324364334 (pbk.)
028 _bwww.bl.uk
082 _a658.4012
_bH638
090 _c2891
_d2891
100 _aHitt, Michael A.
245 _aManagement of strategy :
_bconcepts and cases/
_cMichael Hitt,Robert E. Hoskisson ,R. Duane Ireland.
260 _aAustralia ; United Kingdom :
_bThomson South-Western,2007
_c2007.
300 _axxxi, 413, xv, 223, 15 p. :
_bcol. ill., col. ports. ;
_c26 cm.
500 _aPrevious ed. (i.e., 6th ed.) published as: Strategic management : competitiveness andglobalization. 2005
504 _ancludes bibliographical references and index
650 _aStrategic planning.
650 _aCompetition.
650 _aStrategic planning -- Case studies.
700 _aHoskisson , Robert E.
700 _aIreland, R.Duane.
942 _cBB
_k658.4012H638
999 _c2891
_d2891